Corporate Accounting/ (Record no. 174947)

MARC details
000 -LEADER
fixed length control field 00700nam a22002057a 4500
005 - DATE AND TIME OF LATEST TRANSACTION
control field 20200728123428.0
010 ## - LCCN (DPL NO)
LC control number ENG-128283
020 ## - INTERNATIONAL STANDARD BOOK NUMBER
Terms of availability 425.00
International Standard Book Number 9789352836468
035 ## - SYSTEM CONTROL NUMBER
System control number EN-111815
037 ## - SOURCE OF ACQUISITION
Source of stock number/acquisition DBAD/PUB
082 ## - DEWEY DECIMAL CLASSIFICATION NUMBER
Classification number 657.95
100 ## - MAIN ENTRY--PERSONAL NAME
Personal name Gupta,SC
245 ## - TITLE STATEMENT
Title Corporate Accounting/
Statement of responsibility, etc by S C Gupta,M C Shukla and T S grewal ; M P Gupta ,B M Agarwall
Remainder of title Semester-V/DSE 5.2A
260 ## - PUBLICATION, DISTRIBUTION, ETC. (IMPRINT)
Place of publication, distribution, etc New Delhi
Name of publisher, distributor, etc S.Chand
Date of publication, distribution, etc 2019
270 ## - ADDRESS
Address Head Office:7361,Ram Nagar,Qutab Rord
City New Delhi
Postal code 110055
Telephone number 23672080
Fax number 91-11-23677446
Electronic mail address info@schandpublishing.com
300 ## - PHYSICAL DESCRIPTION
Extent xiv;various pages.
Dimensions 24cm(pbk)
700 ## - ADDED ENTRY--PERSONAL NAME
Personal name Gupta,M P
700 ## - ADDED ENTRY--PERSONAL NAME
Personal name Agarwal B M
942 ## - ADDED ENTRY ELEMENTS (KOHA)
Source of classification or shelving scheme Dewey Decimal Classification
Item type English Books
Classification part 657.95
Call number suffix GUP
Holdings
Withdrawn status Lost status Not for loan Collection code Home library Current library Date acquired Source of acquisition Cost, normal purchase price Full call number Barcode Copy number Cost, replacement price Koha item type
      Non-fiction Central Library Central Library 28/07/2020 DBAD/PUB 425.00 657.95 GUP EN-111815 1 425.00 English Books

© Delhi Public Library
Hit Counter
free hit counter